00387pab a2200133 454500008004000000100002400040245005500064260000900119300001200128362000800140650002000148700001800168773006700186180718b1999 xxu||||| |||| 00| 0 eng d aMooney, Christopher aMorality policy reinvention: state death penalties c1999 ap.80-92 aNov aPenal sanctions aLe, Mei-Hsien aAnnals of the American Academy of Political and Social Science